000 01240cam a2200289 i 4500
001 18681
003 CO-MdFUSB
005 20220806121801.0
008 220806t2002 sp |||| |||| 00| 0 spa d
020 _a84-249-2334-0
040 _bspa.
_aCO-MdFUSB
_cCO-MdFUSB
_dCO-MdFUSBC
_erda
041 _aspa
082 0 4 _aR C5683s
100 1 _aCicerón, Marco Tulio (106-43 a. de C.)
_eautor
245 1 0 _aSobre el orador / Cicerón ;
_c/ introducción, traducción y notas por José Javier Iso
264 1 _aMadrid :
_bGredos,
_c[2002]
264 4 _c© 2002
300 _a509 páginas
_c;
336 _2rdacontent
_atexto
_btxt
337 _2rdamedia
_asin mediación
_bn
338 _2rdacarrier
_avolumen
_bnc
501 _apasta dura
505 _aFecha y circunstancias de composición. Testimonios ciceronianos -- Época del diálogo -- Los personajes del diálogo -- Contenidos y estructura de los tres libros de Sobre el orador -- Originalidad del De oratore y su vinculación a la tradición aristotélica -- Tradición manuscrita, ediciones y comentarios -- Notas sobre la presente traducción -- Sinopsis -- Libro I -- Libro II -- Libro III
650 1 4 _aORATORIA LATINA \ OBRA CLASICA
942 _cBK
945 _aestudiante
999 _c45094
_d45094